Normal view
MARC view
- Technical writing
Entry Topical Term
001 - CONTROL NUMBER
- control field: 132247
003 - CONTROL NUMBER IDENTIFIER
- control field: NUST
005 - DATE AND TIME OF LATEST TRANSACTION
- control field: 20251212112006.0
008 - FIXED-LENGTH DATA ELEMENTS
- fixed length control field: 251212|| aca||aabn | a|a d
040 ## - CATALOGING SOURCE
- Original cataloging agency: NUST
- Transcribing agency: NUST
150 ## - HEADING--TOPICAL TERM
- Topical term or geographic name entry element: Technical writing
- General subdivision: Medical aspects
670 ## - SOURCE DATA FOUND
- Source citation: Work cat.: (NUST)615473: Jawaid, Shaukat Ali 90919, Scientific writing : , 2022.
